000 00876nam a2200277 4500
001 46126
010 _a9789896616595
021 _b520425/23
090 _a46126
100 _a20231107d2023 c y0pory50030103ba
101 1 _apor
102 _aPT
200 1 _aEscuta bem, cãozinho!
_ftexto Steve Smallman , il. Daniel Howarth
_gtrad. Eugénia Antunes
205 _a1.ª ed.
210 9 _aAlfragide
_cLeya,
_cdist. Pingo Doce
_d2023
215 _a[25] p.
_cil.
_d26 cm
225 2 _aHora da história
_v19
304 _aTít. orig.: Listen up, pup!
675 _a087.5
_vBN
_zpor
675 _a821.111-93"20"
_vBN
_zpor
700 1 _aSmallman,
_bSteve,
_f1959-
701 1 _aHowarth,
_bDaniel
_4070
702 1 _aAntunes,
_bEugénia,
_f1972-
_4730
801 0 _aPT
_bBN
_gRPC
856 4 1 _uhttp://rnod.bnportugal.gov.pt/ImagesBN/winlibimg.aspx?skey=&doc=2148266&img=185302&save=true
990 _cMON